Language Quiz

Random Language or Letter Quiz

'A' Vocabulary (Hard) Quiz Stats

 Plays Quiz Updated Jul 9, 2018

Score 0/25 Timer 09:00
10 Plays Today
% Correct
admiralty
89.5%
addendum
87.7%
affluence
84.7%
aficionado
84.5%
anemia
83%
agrarian
81.4%
asinine
81.3%
ampere
79.8%
acerbic
77.9%
achondroplasia
75.7%
adelphogamy
70.5%
ameliorate
68.5%
angiosperm
66.6%
% Correct
abyssopelagic
64.4%
avuncular
61.3%
alb
60.2%
apogee
59.8%
acetabulum
59.6%
alacrity
59.1%
aquiline
58.9%
averruncate
54%
artifice
50.9%
antimony
50.4%
amoretto
47.6%
augur
46.9%

You're not logged in!

Compare scores with friends on all Sporcle quizzes.
OR
Log In

Show Comments

Extras

Top Quizzes Today


Score Distribution

Your Account Isn't Verified!

In order to create a playlist on Sporcle, you need to verify the email address you used during registration. Go to your Sporcle Settings to finish the process.

Report this User

Report this user for behavior that violates our Community Guidelines.

Details: